LIBRARY & INFORMATION CENTRE, KCAET, TAVANUR

ONLINE PUBLIC ACCESS CATALOGUE (OPAC)

Indian academic libraries and Dr. S R Ranganathan: a critical study / (Record no. 7781)

MARC details
000 -LEADER
fixed length control field 00502cam a2200181ua 4500
041 ## - LANGUAGE CODE
Language code of text/sound track or separate title eng
082 ## - DEWEY DECIMAL CLASSIFICATION NUMBER
Classification number 027.7
Item number RAV/IN
100 ## - MAIN ENTRY--AUTHOR NAME
Personal name Ravindranath , Sharma .
245 ## - TITLE STATEMENT
Title Indian academic libraries and Dr. S R Ranganathan: a critical study /
250 ## - EDITION STATEMENT
Edition statement 1 /
260 ## - PUBLICATION, DISTRIBUTION, ETC. (IMPRINT)
Place of publication Delhi :
Name of publisher Sterling publishers pvt ltd ,
Year of publication 1986.
300 ## - PHYSICAL DESCRIPTION
Number of Pages 268 ; .
942 ## - ADDED ENTRY ELEMENTS (KOHA)
Koha item type Books
Holdings
Withdrawn status Lost status Damaged status Home library Current library Date acquired Full call number Accession Number Koha item type
      KAUAET   09/03/1987 027.7 16027 Books
free website counter